Представление документа в формате RUSMARC

ПолеНазваниеЗначение
  Тип записи a
  Библиографический уровень m
001 Контрольный номер RU/IS/BASE/411644055
005 Дата корректировки 20240725115004.1
010 Индекс ISBN __
a ISBN 978-5-7793-1194-6
b Уточнения в пер.
d Цена 262 р. 50 к.
9 Тираж 10 000 экз.
100 Данные общей обработки __
a Данные общей обработки 20130116d2002 ||||0rusy0189||||ca
101 Язык документа 0_
a Язык текста rus
102 Страна публикации __
a Страна публикации RU
105 Кодированные данные (монография) __
a Кодированные данные (монография) y###||||000|y
200 Заглавие и сведения об ответственности 1_
a Заглавие Золотое кольцо России
b Общее обозначение материала Текст
e Сведения, относящиеся к заглавию старинные города, располагающиеся вокруг Москвы, образуют "Золотое кольцо" России
e Сведения, относящиеся к заглавию история, архитектура, церковные росписи - на всем приметы величия духа русского человека, всегда готового дать отпор врагу
f Первые сведения об ответственности Н. Г. Орлова
g Последующие сведения об ответственности худож. А. Саморезов
210 Выходные данные 1_
a Место издания Москва
c Издательство Белый город
d Дата издания [2012?]
215 Физическое описание __
a Объем 47, [1] с.
c Иллюстрации/тип воспроизводства ил., фото
d Формат 26,5 см.
225 Серия 0_
a Серия История России
300 Общие примечания __
a Общие примечания 12+
300 Общие примечания __
a Общие примечания Загл. обл.: Золотое кольцо
300 Общие примечания __
a Общие примечания На обл. авт. не указан
606 Тематические рубрики 0_
a Основная рубрика История городов России
y Географическая подрубрика Золотое кольцо
y Географическая подрубрика Сергиев Посад
y Географическая подрубрика Переславль-Залесский, город (Ярославская область)
y Географическая подрубрика Ростов, город (Ярославская область)
y Географическая подрубрика Ярославль
y Географическая подрубрика Кострома
y Географическая подрубрика Владимир
y Географическая подрубрика Суздаль
610 Ключевые слова 0_
a Ключевые слова история русская
a Ключевые слова города России
a Ключевые слова архитектура
a Ключевые слова росписи церковные
a Ключевые слова города старинные
a Ключевые слова памятники
a Ключевые слова соборы
a Ключевые слова церкви
686 Индексы других классификаций __
a Классификационный индекс 63.3(2Рос-2)
2 Код системы ББК
700 Автор _0
a Фамилия Орлова
b Имя (инициалы) Н. Г.
g Полное личное имя Нина Густавовна
801 Источник записи _0
a Страна RU
b Организация МБУК ЦБС г. Ульяновска
c Дата составления 20130116
g Правила каталогизации RCR
801 Источник записи _1
a Страна RU
b Организация МБУК ЦБС г. Ульяновска
c Дата составления 20130116
g Правила каталогизации RCR
899 Данные о местонахождении __
i Авторский знак О-66
j Расстановочный фильтр 63.3(2Рос...)
901 Тип документа __
t Тип документа m
910 Корректоры записи __
a Корректор записи Хисамова